Audítorská dokumentácia (požiadavky na jej reguláciu) diplomová práca

Saved in:
Bibliographic Details
Main Author: Petruszová, Flóra
Corporate Author: Fakulta hospodárskej informatiky EU. Katedra účtovníctva a audítorstva
Other Authors: Maděra, František
Format: Book
Language:Slovak
Published: Bratislava 2018
Tags: Add Tag
No Tags, Be the first to tag this record!

MARC

LEADER 00000nbm a2200000 4500
001 0243533
005 20181108092257.1
041 0 |a slo 
044 |a SK 
245 1 0 |a Audítorská dokumentácia (požiadavky na jej reguláciu)  |b diplomová práca  |c Flóra Petruszová ; školiteľ: František Maděra 
264 1 |a Bratislava  |c 2018 
300 |a 65 s. 
100 1 |a Petruszová, Flóra 
700 1 |a Maděra, František 
710 2 |a Fakulta hospodárskej informatiky EU. Katedra účtovníctva a audítorstva